একুশ, ভাষা আন্দোলনের সচিত্র ইতিহাস, (১৯৪৭-১৯৫৬) /
With reference to erstwhile East Pakistan, now Bangladesh.
| Weitere Verfasser: | |
|---|---|
| Format: | Buch |
| Sprache: | English Bengali |
| Ausgabe: | দ্বিতীয় প্রকাশ |
| Schlagworte: | |
| Classic Catalogue: | View this record in Classic Catalogue |
| LEADER | 02347nam a22004574a 4500 | ||
|---|---|---|---|
| 001 | 18784 | ||
| 003 | BD-DhAAL | ||
| 005 | 20240515125356.0 | ||
| 008 | 220316t2008 bg a 000 0 engod | ||
| 020 | |a 9843214536 | ||
| 025 | |a B-E-2009-313703; 22 | ||
| 037 | |b Library of Congress -- New Delhi Overseas Office |c Tk120.00 ($50.00 U.S.) | ||
| 040 | |a DLC |c DLC |d DLC |d BD-DhAAL | ||
| 041 | 0 | |a eng |a ben | |
| 042 | |a lcode | ||
| 043 | |a a-bg--- | ||
| 050 | 0 | 0 | |a P119.32.B3 |b E59 2008 |
| 082 | |a 306.4495492 | ||
| 245 | 0 | 0 | |a একুশ, ভাষা আন্দোলনের সচিত্র ইতিহাস, |n (১৯৪৭-১৯৫৬) / |c সম্পাদক, সি এম তারেক রেজা. |
| 246 | 3 | 0 | |a Photographic history of language movement, 1947-1956 |
| 246 | 3 | 0 | |a Ekush, a photographic history of language movement, 1947-1956 |
| 250 | |a দ্বিতীয় প্রকাশ | ||
| 264 | |a ঢাকা : |b নিমফিয়া পাবলিকেশন, |c ২০০৮. | ||
| 300 | |a ১৫৪ পৃষ্ঠা : |b সচিত্র ; |c ২২ সে.মি. | ||
| 500 | |a Previously published: 2004. | ||
| 520 | |a With reference to erstwhile East Pakistan, now Bangladesh. | ||
| 526 | |a BDI | ||
| 541 | |a Brac Development Institute (BDI), Donated By Akbar Ali Khan |e 18784, 38111 | ||
| 546 | |a English and Bengali. | ||
| 650 | 0 | |a Bengali language movement |x History |v Pictorial works. |9 47050 | |
| 650 | 0 | |a Bengali language movement |x History. |9 47051 | |
| 650 | 0 | |a Bengali language movement. |9 47052 | |
| 650 | 0 | |a Bengali language |x Political aspects |z Bangladesh. |9 47053 | |
| 650 | 0 | |a Bengali language |x Reform. |9 55202 | |
| 651 | 0 | |a Bangladesh |x Languages |x Political aspects. |9 47054 | |
| 700 | 1 | |a Tarek Reza, C. M. |q (Chowdhury Mohammad), |d 1967-2007. |9 47055 | |
| 852 | |a Ayesha Abed Library | ||
| 942 | |2 ddc |c BK | ||
| 999 | |c 43793 |d 43793 | ||
| 952 | |0 0 |1 0 |2 ddc |4 0 |6 306_449549200000000_EKU |7 1 |9 70159 |a BRACUL |b BRACUL |c CS1 |d 2022-03-16 |e Donated by Akbar Ali Khan |l 0 |o 306.4495492 EKU |p 3010038111 |r 2022-03-16 |t 2 |w 2022-03-16 |y BK | ||
| 952 | |0 0 |1 0 |2 ddc |4 0 |6 306_449549200000000_EKU |7 0 |9 75475 |a BIGD |b BIGD |c GEN |d 2024-05-15 |e Brac Development Institute (BDI) |g 1200.00 |l 0 |o 306.4495492 EKU |p 3050018784 |r 2024-05-15 |t 1 |w 2024-05-15 |y BK |x Brac Development Institute (BDI) ; transferred BDI to BIGD on 15.05.2024. | ||